University Home | Library Home | Institutional Repository

The origins of intellect : (Record no. 60804)

MARC details
000 -LEADER
fixed length control field 00918cam2a220028900 4500
001 - CONTROL NUMBER
control field lce00686104
008 - FIXED-LENGTH DATA ELEMENTS--GENERAL INFORMATION
fixed length control field 690919s1969 caua b 001 0 eng
010 ## - LIBRARY OF CONGRESS CONTROL NUMBER
LC control number 69013319
020 ## - INTERNATIONAL STANDARD BOOK NUMBER
Terms of availability 2.75
035 ## - SYSTEM CONTROL NUMBER
System control number (Sirsi) r46647
035 ## - SYSTEM CONTROL NUMBER
System control number (DLC) 69013319
035 ## - SYSTEM CONTROL NUMBER
System control number (UPRA)lce00686104
040 ## - CATALOGING SOURCE
Modifying agency UPRA
050 0# - LIBRARY OF CONGRESS CALL NUMBER
Classification number BF431
Item number .P47
082 ## - DEWEY DECIMAL CLASSIFICATION NUMBER
Classification number 155.41/3/0924
100 1# - MAIN ENTRY--PERSONAL NAME
Personal name Phillips, John L., 1923-
Dates associated with a name Phillips, John L., 1923-
Linkage A4576.1
245 14 - TITLE STATEMENT
Title The origins of intellect :
Remainder of title Piaget's theory /
Statement of responsibility, etc. [by] John L. Phillips, Jr.
260 ## - PUBLICATION, DISTRIBUTION, ETC.
Place of publication, distribution, etc. San Francisco :
Name of publisher, distributor, etc. W.H. Freeman,
Date of publication, distribution, etc. [1969]
490 0# - SERIES STATEMENT
Series statement A Series of books in psychology
Linkage S19697.2
504 ## - BIBLIOGRAPHY, ETC. NOTE
Bibliography, etc. note Bibliography: p [133]-144.
600 10 - SUBJECT ADDED ENTRY--PERSONAL NAME
Personal name Piaget, Jean, 1896-
Dates associated with a name Piaget, Jean, 1896-
Linkage S3189.1
650 #0 - SUBJECT ADDED ENTRY--TOPICAL TERM
Topical term or geographic name entry element Intellect.
Linkage S3188.1
650 #0 - SUBJECT ADDED ENTRY--TOPICAL TERM
Topical term or geographic name entry element Child psychology.
Linkage S3190.1
949 ## - LOCAL PROCESSING INFORMATION (OCLC)
a BF431
w lcc
m MAIN
t BOOK
l ON-SHELF
987 ## - LOCAL ROMANIZATION/CONVERSION HISTORY (OCLC)
Romanization/conversion identifier WITHDRAWN

No items available.

© 2026 - The University of Zambia Library - Koha v25.11